Aufbrüche in die Moderne. Frühparlamentarismus zwischen altständischer Ordnung und monarchischem Konstitutionalismus 1750-1850. Schlesien -- Deutschland -- Mitteleuropa
| Titel: | Aufbrüche in die Moderne. Frühparlamentarismus zwischen altständischer Ordnung und monarchischem Konstitutionalismus 1750-1850. Schlesien -- Deutschland -- Mitteleuropa / Roland Gehrke ; Tim Neu |
|---|---|
| Verfasser: | |
| In: |
Zeitschrift für historische Forschung, Band 34, Heft 4 (2007), Seite 752-753 alle Artikel anzeigen |
| Veröffentlicht: | 2007 |
| Format: | Aufsatz |
| Sprache: | Deutsch |
X
alg: 43789980
001A $06052:24-10-18
001B $01999:27-07-21 $t17:20:54.000
001D $06052:24-10-18
001U $0utf8
001X $00
002@ $0Aox
003@ $0437899802
006N $001701886
007A $0437899802 $aHEB
007D $asw080225
007I $0swets131454235
010@ $ager
011@ $a2007
013D $#Newspapers Sections, columns, etc. Reviews $#Book reviewing $#Journaux Cahiers, chroniques, etc. Comptes rendus $#Livres Recension $#Rezension $#Buchbesprechung $#Buchrezension $#Buchkritik $74049712-4 $8Rezension [Ts1] $9085138568
021A $aAufbrüche in die Moderne. Frühparlamentarismus zwischen altständischer Ordnung und monarchischem Konstitutionalismus 1750-1850. Schlesien -- Deutschland -- Mitteleuropa $hRoland Gehrke ; Tim Neu
028C $BVerfasser $4aut $7140430288 $8Neu, Tim$Z1979- [Tp3] $9220370265
031A $d34 $e4 $g2 $h752-753 $j2007
039B $aIn $8--Abvc--. Zeitschrift für historische Forschung. - Berlin : Duncker & Humblot, 1974-. - ISSN 0340-0174 $x200700000340004248 $9047120908
039T $8--Aau--. Aufbrüche in die Moderne. - Köln {[u.a.] : Böhlau, 2005. - VIII, 343 S.. - Ill.. - ISBN 3-412-20405-6 $9129107816
045F $a900.9437 $eDDC23BSB
045F/01 $a900
045F/03 $g437
045F/03 $g438
045F/03 $g4385
045T $a8
lok: 43789980 78
exp: 43789980 78 1 #EPN
201B/01 $024-10-18 $t23:02:13.000
201C/01 $024-10-18
201U/01 $0utf8
203@/01 $01031215344
208@/01 $a24-10-18 $be
209A/01 $a/ $f000 $x00
209A/01 $ab*p $x01
209A/01 $areziproke Verknüpfung mit rez. Werk funktioniert nicht, da PPN der Rez zu lang ... (mal mit Profis zusammenarbeiten...) $x03
220C/01 $apgar
244Z/01 $#Generalgouvernement Polen $#Polska $#Rzeczpospolita Polska $#Polska Rzeczpospolita Ludowa $#Poland $#Pologne $#République Polonaise $#Generalne Gubernatorstwo w Polsce $#Polish People's Republic $#Polska Rzeczpospolita Polen $#PRL $#RP $#Polen Generalgouvernement $#Polska Generalgouvernement $#Besetzte Polnische Gebiete $#Besetztes Gebiet in Polen $#Okupowane Polskie Obszary $#Obszary Okupowane w Polsce $#Volksrepublik Polen $#Polska Rosyjska $#Republic Polen $#Respublika Pol'ša $#Pol'skaja Narodnaja Respublika $#République de Pologne $#Polen Links der Weichsel $#Polska po Lewej Stronie Wisły $#Lenkija $#Polija $#Gubernija Carstva Pol'skago $#Republik Polen $74046496-9 $8--Tg1--Polen $x01 $9085129801
244Z/01 $#Schlesien $#Schlesien $#Herzogtum Schlesien $#Herzogtum Schlesien Schlesien $#Provinz Schlesien $#Śla̜sk $#Slezsko $#Silesia $74052678-1 $8--Tg1--Schlesien $x02 $9085146781
244Z/01 $#Ostmitteleuropa $#Ostmitteleuropa $#Mitteleuropa, Ost $#Central Europe Ostmitteleuropa $#Mittelosteuropa $74075753-5 $8--Tg1--Ostmitteleuropa $x03 $9085214485
247C/01 $82080>Marburg/Lahn, Herder-Institut, Forschungsbibliothek, Bibliographieportal $9336309341
| LEADER | 00000caa a22000002c 4500 | ||
|---|---|---|---|
| 001 | 437899802 | ||
| 003 | DE-603 | ||
| 005 | 20210727172054.0 | ||
| 007 | tu | ||
| 008 | 181024s2007 xx |||| | u00||u|ger c | ||
| 035 | |a (DE-599)HEB437899802 | ||
| 035 | |a (NL-LiSWE)01701886 | ||
| 040 | |a DE-603 |b ger |c DE-603 |d DE-603 | ||
| 041 | |a ger | ||
| 082 | 0 | 4 | |8 1\u |a 900.9437 |q DE-101 |2 23/BSB |
| 084 | |a 8 |2 ssgn | ||
| 085 | |8 1\u |b 900 | ||
| 085 | |8 1\u |z 2 |s 437 | ||
| 085 | |8 1\u |z 2 |s 438 | ||
| 085 | |8 1\u |z 2 |s 4385 | ||
| 245 | 0 | 0 | |a Aufbrüche in die Moderne. Frühparlamentarismus zwischen altständischer Ordnung und monarchischem Konstitutionalismus 1750-1850. Schlesien -- Deutschland -- Mitteleuropa |c Roland Gehrke ; Tim Neu |
| 264 | 0 | |c 2007 | |
| 655 | 7 | |a Rezension |2 gnd-content |0 (DE-588)4049712-4 |0 (DE-603)085138568 | |
| 700 | 1 | |a Neu, Tim |d 1979- |e Verfasser |4 aut |0 (DE-603)220370265 |0 (DE-588)140430288 |2 gnd | |
| 773 | 0 | 8 | |i In |t Zeitschrift für historische Forschung |d Berlin : Duncker & Humblot, 1974- |h 23 cm |x 0340-0174 |g Band 34, Heft 4 (2007), Seite 752-753 |w (DE-603)047120908 |w (DE-600)125204-5 |
| 787 | 0 | 8 | |i Rezension von |t Aufbrüche in die Moderne |d Köln [u.a.] : Böhlau, 2005 |h VIII, 343 S., Ill. |z 3412204056 |w (DE-603)129107816 |
| 924 | 0 | |9 2080 |a (DE-603)1031215344 |b DE-2080 |c HES |d d |g / | |


